=LDR 00000nam 2200000 4500 =001 000900 =005 20250712121420 =035 ##$$a 0010-0725000778 =007 ta =008 250712################a##########0#ind## =020 ##$$a 978-623307-521-1 =082 ##$$a 398.205 598 =084 ##$$a 398.205 598 CHE b =100 #$$a Cheh, Komar Rien Komar =245 1#$$a Bisakah Bebek Melompat? /$c Komar Rien Komar Cheh =250 ##$$a Cetakan Pertama =260 ##$$a Jakarta Timur :$b Badan Pengembangan dan Pembinaan Bahasa,$c 2022 =300 ##$$a 14 hlm : $b ilus. ; $c 21,5 cm =856 ##$$a TBM AS SUHADA =990 ##$$a TBM202400971